00839cam a2200217 a 450000100100000000500170001000800410002702000150006804000340008308200180011710000390013524500700017426000710024430000210031549000470033650400570038350400210044065000530046165000580051483000490057200000632120200929153921.0930826s1989 sp b 001 0 spa d a8478200363 aDO-SdBNPbspacIUdDLCdBNPHU a860.64bC169m1 aCalvo Carilla, José Luis.d1950-13aEl modernismo literario en Aragón /cJosé Luis Calvo Carilla. aZaragoza, España :bInstitución Fernando el Católico,c1989. a251 p. ;c31 cm.1 aInstitución Fernando el Católicov1197 aIncluye referencias bibliográficas (p. [227] -242) aIncluye índice 4aModernismo (literatura)zAragon (España{Rpara} 4aLiteratura españolaySIGLO XXxHistoria y crítica 0aInstitución Fernando el Católico ;v1197